书目信息 |
| 题名: |
英语专业四级全真模拟与解析
|
|
| 作者: | 张艳莉 主编 | |
| 分册: | ||
| 出版信息: | 北京 大连理工大学出版社 2007.12 |
|
| 页数: | 237页 | |
| 开本: | 26cm | |
| 丛书名: | 冲击波系列 | |
| 单 册: | ||
| 中图分类: | H319.6 | |
| 科图分类: | ||
| 主题词: | 英语--ying yu--解题--高等学校 | |
| 电子资源: | ||
| ISBN: | 978-7-5611-3828-1 | |
| 000 | 01024nam 2200289 450 | |
| 001 | 357419 | |
| 005 | 20080424144538.0 | |
| 010 | @a978-7-5611-3828-1@dCNY29.80 | |
| 016 | @aCN-Q08-07-0134-0@b光盘 | |
| 100 | @a20080415e20082007em y0chiy0110 ea | |
| 101 | 0 | @achi@aeng |
| 102 | @aCN@b210000 | |
| 105 | @ay zq 000yy | |
| 106 | @ar | |
| 200 | 1 | @a英语专业四级全真模拟与解析@Aying yu zhuan ye si ji quan zhen mo ni yu jie xi@f主编张艳莉 |
| 210 | @a北京@c大连理工大学出版社@d2007.12@h2008.03 | |
| 215 | @a237页@d26cm@e1光盘 | |
| 225 | 2 | @a冲击波系列@Achong ji bo xi lie@f张艳莉主编 |
| 312 | @a本书英文并列题名取自于封面 | |
| 330 | @a本书第一部分为英语专业四级考试指南,第二部分为十套全真模拟题,严格按照四级考试要求编排,第三部分为模拟题的解题分析、答案及录音稿。 | |
| 410 | 0 | @12001 @a冲击波系列 |
| 510 | 1 | @aModel tests for TEM-4@zeng |
| 606 | 0 | @a英语@Aying yu@x解题@x高等学校 |
| 690 | @aH319.6@v4 | |
| 701 | 0 | @a张艳莉@Azhang yan li@4主编 |
| 801 | 0 | @aCN@b@c20080415 |
| 905 | @b674419-21@dH319.6@eZ220@f3 | |
| 英语专业四级全真模拟与解析/主编张艳莉.-北京:大连理工大学出版社,2007.12(2008.03) |
| 237页;26cm+1光盘.-(冲击波系列/张艳莉主编) |
| ISBN 978-7-5611-3828-1:CNY29.80 |
| 本书第一部分为英语专业四级考试指南,第二部分为十套全真模拟题,严格按照四级考试要求编排,第三部分为模拟题的解题分析、答案及录音稿。 |
| ● |
| 相关链接 |
|
|
|
正题名:英语专业四级全真模拟与解析
索取号:H319.6/Z220
 
预约/预借
| 序号 | 登录号 | 条形码 | 馆藏地/架位号 | 状态 | 备注 |
| 1 | 674419 | 206744193 | 语言库209/209语言库 58排2列6层/ [索取号:H319.6/Z220] | 在馆 | |
| 2 | 674420 | 206744200 | 语言库209/209语言库 58排2列6层/ [索取号:H319.6/Z220] | 在馆 | |
| 3 | 674421 | 206744219 | 语言库209/209语言库 58排2列6层/ [索取号:H319.6/Z220] | 在馆 |